¡Esperame en Siberia, vida mía! (Record no. 83705)
[ view plain ]
| 000 -LEADER | |
|---|---|
| campo de control de longitud fija | 00611nam a2200181 i 4500 |
| 001 - NÚMERO DE CONTROL | |
| campo de control | 83705 |
| 003 - IDENTIFICADOR DE NÚMERO DE CONTROL | |
| campo de control | ES-MaACL |
| 007 - CAMPO FIJO DE DESCRIPCIÓN FÍSICA--INFORMACIÓN GENERAL | |
| campo de control de longitud fija | t| |
| 008 - DATOS DE LONGITUD FIJA--INFORMACIÓN GENERAL | |
| campo de control de longitud fija | 041118s1929 sp ||||1| spa d |
| 100 1# - ENTRADA PRINCIPAL--NOMBRE DE PERSONA | |
| Nombre de persona | Jardiel Poncela, Enrique. |
| 9 (RLIN) | 66113 |
| 245 10 - MENCIÓN DEL TÍTULO | |
| Título | ¡Esperame en Siberia, vida mía! |
| Resto del título | : novela de aventuras / |
| Mención de responsabilidad, etc. | por Enrique Jardiel Poncela. |
| 260 ## - PUBLICACIÓN, DISTRIBUCIÓN, ETC. | |
| Lugar de publicación, distribución, etc. | [Segovia : |
| Nombre del editor, distribuidor, etc. | El Adelanto, |
| Fecha de publicación, distribución, etc. | 1929] |
| 300 ## - DESCRIPCIÓN FÍSICA | |
| Extensión | 456 p. ; |
| Dimensiones | 19 cm. |
| 490 1# - MENCIÓN DE SERIE | |
| Mención de serie | Colección de grandes novelas humorísticas |
| 830 00 - PUNTO DE ACCESO ADICIONAL DE SERIE-TÍTULO UNIFORME | |
| Título uniforme | Colección de grandes novelas humorísticas (El Adelanto) |
| 9 (RLIN) | 231635 |
| 852 ## - LOCALIZACIÓN | |
| Ubicación | ES-MaACL |
| Número de control de estantería | B-4065 |
| Estatus retirado | Estado de pérdida | Estado de daño | No para préstamo | Biblioteca de origen | Biblioteca actual | Ubicación en estantería | Fecha de adquisición | Fuente de adquisición | Total de préstamos | Signatura topográfica completa | Código de barras | Visto por última vez | Precio de reemplazo | Tipo de ítem Koha |
|---|---|---|---|---|---|---|---|---|---|---|---|---|---|---|
| Biblioteca del Ateneo de Madrid | Biblioteca del Ateneo de Madrid | Sala Pardo Bazán | 17/01/2008 | B-4065 | 1087483 | 23/02/2023 | 23/02/2023 | Libro impreso |
